000 01137nam a22002657a 4500
001 8964
003 FISKH
005 20260324084509.0
008 251111b cb ||||| |||| 00| 0 eng d
040 _aFISKH
_beng
_cFISKH
_dFISKH
050 _aPZ7
082 _a781
100 _aWosmek, Frances
_eAuthor
245 _aLet's make music :
_bHoughton Mifflin reading program /
_cFrances Wosmek ; Illustrated by Andrzej Dudzinski
260 _aBoston :
_bHoughton Mifflin ,
_c1981
300 _a16 pages :
_bcolor illustrations ;
_c24 cm
505 _aG
520 _aLet’s Make Music is a simple, engaging book that introduces young readers to the joy of making sounds and rhythms. It shows how music can be created using voices, hands, and everyday objects like drums or bells. With clear, rhythmic sentences and colorful illustrations, the book encourages children to explore sound, clap, sing, and play together to make their own music.
521 8 _a300
_bLexile estimate
521 8 _aG
_bRaz-Plus
650 _aInstruments
_vMusic
700 _aDudzinski, Andrzej
_eIllustrator
942 _2ddc
_cBK
_n0
999 _c8964
_d8964